[Event "24. Acropolis 2009"]
[Site "Chalkida GRE"]
[Date "2009.08.13"]
[Round "3.45"]
[White "Botsari, Anna Maria"]
[Black "Pavlidou, Ekaterini"]
[Result "1-0"]
[WhiteElo "2298"]
[BlackElo "2179"]
[PlyCount "49"]
[EventDate "2009.08.10"]
[EventType "swiss"]
[EventRounds "9"]
[EventCountry "GRE"]
[Source "lmi"]
[SourceDate "2009.08.10"]

1. d4 Nf6 2. c4 e6 3. Nc3 Bb4 4. e3 Bxc3+ 5. bxc3 d6 6. Bd3 Nbd7 7. Ne2 b6 8.
e4 Bb7 9. Qc2 e5 10. O-O Qe7 11. Ng3 g6 12. f4 c5 13. a4 a5 14. Rb1 O-O-O 15.
fxe5 dxe5 16. Bg5 h6 17. Bxf6 Nxf6 18. Rxb6 Ng4 19. Rfb1 Rd7 20. d5 Nxh2 21. d6
Qh4 22. Qf2 Ng4 23. Qxc5+ Kb8 24. Rxb7+ Rxb7 25. Qc7+ 1-0

[Event "24. Acropolis 2009"]
[Site "Chalkida GRE"]
[Date "2009.08.13"]
[Round "3.46"]
[White "Papadopoulou, Vera"]
[Black "Simeonidis, Ioannis"]
[Result "1/2-1/2"]
[WhiteElo "2160"]
[BlackElo "2266"]
[PlyCount "44"]
[EventDate "2009.08.10"]
[EventType "swiss"]
[EventRounds "9"]
[EventCountry "GRE"]
[Source "lmi"]
[SourceDate "2009.08.10"]

1. d4 Nf6 2. c4 g6 3. Nc3 Bg7 4. e4 d6 5. Be2 c5 6. d5 e6 7. Bg5 h6 8. Bf4 exd5
9. exd5 O-O 10. Qd2 Kh7 11. h3 Na6 12. Nf3 Bf5 13. O-O Ne4 14. Nxe4 Bxe4 15.
Ne1 Qb6 16. Bd3 Rfe8 17. Rb1 Nb4 18. b3 Re7 19. Bxe4 Rxe4 20. a3 Na6 21. Nd3
Rae8 22. Rfe1 Rxe1+ 1/2-1/2

[Event "24. Acropolis 2009"]
[Site "Chalkida GRE"]
[Date "2009.08.13"]
[Round "3.47"]
[White "Kourousis, Epaminondas"]
[Black "Foisor, Mihaela Veronica"]
[Result "1/2-1/2"]
[WhiteElo "2237"]
[BlackElo "2123"]
[PlyCount "93"]
[EventDate "2009.08.10"]
[EventType "swiss"]
[EventRounds "9"]
[EventCountry "GRE"]
[Source "lmi"]
[SourceDate "2009.08.10"]

1. d4 d5 2. c4 dxc4 3. Nf3 Nf6 4. e3 e6 5. Bxc4 c5 6. O-O a6 7. b3 b5 8. Be2
Bb7 9. Bb2 Nbd7 10. Nbd2 Be7 11. Ne5 Nxe5 12. dxe5 Nd5 13. Bf3 O-O 14. Ne4 Qb6
15. Nd6 Rad8 16. Nxb7 Qxb7 17. Qe2 Rd7 18. a4 Qb6 19. axb5 axb5 20. Qd2 Rfd8
21. Qa5 Qxa5 22. Rxa5 b4 23. g3 Rc8 24. Rd1 Rcd8 25. Raa1 g6 26. Kf1 Nb6 27.
Rxd7 Rxd7 28. Ke2 Kg7 29. Ra6 Nd5 30. Bxd5 Rxd5 31. Ra7 Kf8 32. Ra8+ Kg7 33.
Ra1 Kf8 34. Rd1 Ke8 35. e4 Rxd1 36. Kxd1 Kd7 37. Ke2 Kc6 38. Kd3 Kb5 39. f4 Bd8
40. Bc1 Bc7 41. g4 Bb8 42. h3 Bc7 43. Be3 Bd8 44. Bf2 Be7 45. Bg3 Bd8 46. Bf2
Be7 47. Be1 1/2-1/2

[Event "24. Acropolis 2009"]
[Site "Chalkida GRE"]
[Date "2009.08.13"]
[Round "3.48"]
[White "Iordanidou, Zoi"]
[Black "Kordis, Konstantinos"]
[Result "0-1"]
[WhiteElo "2114"]
[BlackElo "2221"]
[PlyCount "108"]
[EventDate "2009.08.10"]
[EventType "swiss"]
[EventRounds "9"]
[EventCountry "GRE"]
[Source "lmi"]
[SourceDate "2009.08.10"]

1. e4 c5 2. d3 Nc6 3. g3 g6 4. Bg2 Bg7 5. Nc3 d6 6. f4 e6 7. Nf3 Nge7 8. O-O
O-O 9. Qe1 d5 10. g4 Nd4 11. Nxd4 cxd4 12. Nd1 dxe4 13. Bxe4 f5 14. Bf3 fxg4
15. Bxg4 e5 16. Qg3 exf4 17. Rxf4 Nf5 18. Bxf5 Bxf5 19. Rf2 Qd5 20. Bd2 Rae8
21. b3 Rf7 22. Nb2 Re3 23. Qg2 Qe6 24. Raf1 Bh3 25. Rxf7 Bxg2 26. Kxg2 Qh3+ 27.
Kg1 Re2 28. R7f2 Rxd2 29. Rxd2 Bh6 30. Rg2 Be3+ 31. Kh1 b5 32. a4 a6 33. axb5
axb5 34. Nd1 Bh6 35. Rgf2 Qe6 36. Rf3 Qc6 37. b4 Be3 38. h3 Kg7 39. c3 h5 40.
Kh2 Qd6+ 41. Kg2 Qe5 42. h4 Qe6 43. Nxe3 dxe3 44. Re1 e2 45. Kf2 Qg4 46. Kxe2
Qxh4 47. Ref1 Qg4 48. Kd2 h4 49. Rf7+ Kh6 50. Kc2 Qe2+ 51. Kb3 Qxd3 52. R7f4 g5
53. Rf6+ Kh5 54. Rg1 h3 0-1

[Event "24. Acropolis 2009"]
[Site "Chalkida GRE"]
[Date "2009.08.13"]
[Round "4.2"]
[White "Predojevic, Borki"]
[Black "Gupta, Abhijeet"]
[Result "1-0"]
[WhiteElo "2644"]
[BlackElo "2565"]
[PlyCount "109"]
[EventDate "2009.08.10"]
[EventType "swiss"]
[EventRounds "9"]
[EventCountry "GRE"]
[Source "lmi"]
[SourceDate "2009.08.10"]

1. e4 e5 2. Nf3 Nc6 3. Bb5 a6 4. Ba4 Nf6 5. O-O Bc5 6. Bxc6 dxc6 7. d3 Qe7 8.
Be3 Bg4 9. h3 Bxf3 10. Qxf3 Nd7 11. Nd2 O-O 12. Nc4 Rfe8 13. Qg3 f6 14. f4 exf4
15. Rxf4 Bd6 16. Nxd6 cxd6 17. Raf1 d5 18. Bd4 dxe4 19. Rxe4 Qf7 20. Rfe1 c5
21. Qd6 Rxe4 22. Rxe4 Re8 23. Rxe8+ Qxe8 24. Bxc5 Qe1+ 25. Kh2 Qe5+ 26. Qxe5
fxe5 27. Be3 Kf7 28. Kg3 Ke6 29. Kf3 Kd5 30. c4+ Ke6 31. d4 exd4 32. Bxd4 g6
33. Kf4 Nb8 34. b3 Nc6 35. Bc3 Ne7 36. g4 Nc6 37. Ke4 Kd6 38. a3 Ke6 39. a4 Kd6
40. b4 Ke6 41. b5 Nb8 42. h4 Nd7 43. Bd4 Kd6 44. Kf4 Nf8 45. Be3 Ke6 46. Bc5
Nd7 47. Bd4 Nf8 48. Ke4 Nd7 49. c5 axb5 50. axb5 Nb8 51. g5 Ke7 52. Kd5 Kd8 53.
Kd6 Kc8 54. Ke7 Nd7 55. Kf7 1-0

[Event "24. Acropolis 2009"]
[Site "Chalkida GRE"]
[Date "2009.08.13"]
[Round "4.3"]
[White "Muzychuk, Anna"]
[Black "Azarov, Sergei"]
[Result "1/2-1/2"]
[WhiteElo "2542"]
[BlackElo "2630"]
[PlyCount "90"]
[EventDate "2009.08.10"]
[EventType "swiss"]
[EventRounds "9"]
[EventCountry "GRE"]
[Source "lmi"]
[SourceDate "2009.08.10"]

1. e4 e5 2. Nf3 Nc6 3. Bb5 a6 4. Bxc6 dxc6 5. O-O f6 6. d4 exd4 7. Nxd4 c5 8.
Ne2 Qxd1 9. Rxd1 Bd7 10. Be3 O-O-O 11. Nbc3 Re8 12. Rd2 Bc6 13. Rad1 b6 14. a4
Ne7 15. a5 Ng6 16. axb6 cxb6 17. Ng3 Ne5 18. b3 g6 19. Nd5 Bxd5 20. Rxd5 Nc6
21. Ne2 Be7 22. Nc3 Bd8 23. Rd6 Nb4 24. Na4 Nxc2 25. Nxb6+ Bxb6 26. Rxb6 Nxe3
27. fxe3 Rxe4 28. Rxa6 Rhe8 29. Rxf6 Rxe3 30. Rc6+ Kb8 31. Rxc5 Rxb3 32. Rcd5
Re7 33. Rd7 Rxd7 34. Rxd7 Rb7 35. Rd4 Kc8 36. Kf2 Rd7 37. Ke3 Kd8 38. Ke4 Rxd4+
39. Kxd4 Ke7 40. Ke5 h5 41. g3 Kf7 42. h3 Ke7 43. g4 hxg4 44. hxg4 g5 45. Kf5
Kf7 1/2-1/2

[Event "24. Acropolis 2009"]
[Site "Chalkida GRE"]
[Date "2009.08.13"]
[Round "4.4"]
[White "Belov, Vladimir"]
[Black "Tukhaev, Adam"]
[Result "1/2-1/2"]
[WhiteElo "2627"]
[BlackElo "2534"]
[PlyCount "217"]
[EventDate "2009.08.10"]
[EventType "swiss"]
[EventRounds "9"]
[EventCountry "GRE"]
[Source "lmi"]
[SourceDate "2009.08.10"]

1. Nf3 Nf6 2. c4 g6 3. Nc3 d5 4. d4 Bg7 5. Qa4+ Bd7 6. Qb3 dxc4 7. Qxc4 O-O 8.
Bf4 Nc6 9. Rd1 Nh5 10. Bg5 h6 11. Bc1 a5 12. e4 Nb4 13. Be2 c6 14. O-O Be6 15.
d5 cxd5 16. exd5 Bd7 17. a3 Na6 18. Nd4 Rc8 19. Qa2 Qb6 20. Be3 Nc5 21. d6 exd6
22. Bxh5 gxh5 23. b4 axb4 24. axb4 Qxb4 25. Nd5 Qa4 26. Qe2 Rce8 27. Qxh5 Re5
28. Qf3 Be6 29. Ne7+ Kh7 30. Nef5 Bxf5 31. Nxf5 Qe4 32. Qxe4 Rxe4 33. Nxd6 Re5
34. Bd4 Rh5 35. Bxg7 Kxg7 36. f4 Kh7 37. Rfe1 Ne6 38. f5 Ng7 39. Rf1 Rh4 40.
Nxb7 Rb4 41. Nc5 Nh5 42. Nd3 Ra4 43. Ne5 Nf6 44. h3 Ra5 45. Nc4 Ra2 46. Rf2
Rxf2 47. Kxf2 Rc8 48. Ne3 Kg7 49. Rd4 Ra8 50. g4 Ra1 51. Kg3 Re1 52. Rd3 Ne4+
53. Kf3 Ng5+ 54. Kg2 Ne4 55. h4 Ra1 56. Kf3 Nf6 57. Rd4 Rh1 58. Kg3 Rg1+ 59.
Ng2 Rf1 60. Nf4 Re1 61. Kf3 Ra1 62. Nd3 Rh1 63. Nf2 Rg1 64. Rd1 Rxd1 65. Nxd1
Nd7 66. Ne3 f6 67. Ke4 Ne5 68. Kd5 Nf3 69. Ng2 Kf7 70. Ke4 Nd2+ 71. Ke3 Nc4+
72. Ke4 Nd2+ 73. Kf4 Nb3 74. Ke3 Na5 75. Kd3 Nc6 76. Ke4 Na5 77. Ne1 Nc4 78.
Nf3 Nb2 79. Nd2 Nd1 80. Kf3 Nb2 81. Ke4 Nd1 82. Nc4 Nf2+ 83. Kf3 Nd3 84. Ke3
Nc5 85. Nd2 Nd7 86. Ke4 Ke7 87. Kd5 Nb6+ 88. Kd4 Na8 89. Ne4 Nb6 90. Nd2 Na8
91. Kc5 Nc7 92. Nc4 Na6+ 93. Kb5 Nc7+ 94. Kc6 Na6 95. Nb6 Nb4+ 96. Kc7 Nd3 97.
Nc8+ Kf7 98. Kd8 Ne5 99. Nd6+ Kf8 100. h5 Nxg4 101. Kd7 Ne5+ 102. Ke6 Nd3 103.
Kxf6 Nf4 104. Ne4 Nxh5+ 105. Kg6 Ng7 106. f6 Ne8 107. f7 Ke7 108. fxe8=Q+ Kxe8
109. Kxh6 1/2-1/2

[Event "24. Acropolis 2009"]
[Site "Chalkida GRE"]
[Date "2009.08.13"]
[Round "4.7"]
[White "Rozentalis, Eduardas"]
[Black "Stefanova, Antoaneta"]
[Result "1/2-1/2"]
[WhiteElo "2588"]
[BlackElo "2535"]
[PlyCount "49"]
[EventDate "2009.08.10"]
[EventType "swiss"]
[EventRounds "9"]
[EventCountry "GRE"]
[Source "lmi"]
[SourceDate "2009.08.10"]

1. e4 e5 2. Nf3 Nc6 3. Nc3 Nf6 4. Bb5 Bd6 5. d3 h6 6. O-O O-O 7. Ne2 Re8 8. Ng3
Bf8 9. Re1 a6 10. Bxc6 dxc6 11. h3 c5 12. b3 g6 13. Be3 b6 14. Qd2 Kh7 15. Nh2
Bg7 16. Rf1 Ng8 17. Rae1 Rf8 18. f4 exf4 19. Bxf4 Ne7 20. Nf3 Be6 21. Kh1 Nc6
22. Ne2 f5 23. exf5 Bxf5 24. Ng3 Qd7 25. Nxf5 1/2-1/2

[Event "24. Acropolis 2009"]
[Site "Chalkida GRE"]
[Date "2009.08.13"]
[Round "4.8"]
[White "Harika, Dronavalli"]
[Black "Yakovich, Yuri"]
[Result "0-1"]
[WhiteElo "2445"]
[BlackElo "2576"]
[PlyCount "82"]
[EventDate "2009.08.10"]
[EventType "swiss"]
[EventRounds "9"]
[EventCountry "GRE"]
[Source "lmi"]
[SourceDate "2009.08.10"]

1. d4 d5 2. c4 e6 3. Nc3 c6 4. Nf3 dxc4 5. a4 Bb4 6. e3 b5 7. Bd2 a5 8. Rb1 Bd7
9. Ne5 Nf6 10. Qf3 Ra7 11. Be2 O-O 12. O-O Be7 13. Rfd1 Qc8 14. e4 b4 15. Na2
c5 16. Nxd7 Nbxd7 17. e5 cxd4 18. exf6 Bxf6 19. Rbc1 Rc7 20. Bf4 e5 21. Bg3 b3
22. Nc3 dxc3 23. Qxc3 Bg5 24. Rb1 Rc5 25. h4 Be7 26. Rbc1 Qc7 27. Qf3 Nb6 28.
Rd4 c3 29. bxc3 b2 30. Rf1 Bd6 31. Rd2 Nxa4 32. Qd3 Nxc3 33. Rxb2 a4 34. Bf3
Rb8 35. Rd2 Be7 36. Ra1 a3 37. Kh2 Rd8 38. Qe3 Rxd2 39. Qxd2 a2 40. h5 h6 41.
Qd3 Qd6 0-1

[Event "24. Acropolis 2009"]
[Site "Chalkida GRE"]
[Date "2009.08.13"]
[Round "4.9"]
[White "Kolev, Atanas"]
[Black "Reshetnikov, Alexey"]
[Result "0-1"]
[WhiteElo "2569"]
[BlackElo "2408"]
[PlyCount "80"]
[EventDate "2009.08.10"]
[EventType "swiss"]
[EventRounds "9"]
[EventCountry "GRE"]
[Source "lmi"]
[SourceDate "2009.08.10"]

1. e4 c5 2. Nf3 Nc6 3. d4 cxd4 4. Nxd4 Qc7 5. Nc3 e6 6. Be2 a6 7. O-O Nf6 8.
Be3 b5 9. f4 b4 10. Na4 Nxe4 11. Bf3 d5 12. f5 exf5 13. Nxf5 Be6 14. Bxe4 dxe4
15. Nc5 Bxf5 16. Rxf5 Bd6 17. Nxe4 Bxh2+ 18. Kh1 O-O 19. Rh5 Be5 20. Rxh7 g6
21. Rh3 Ne7 22. Bh6 Rfe8 23. Bg5 Nf5 24. Qf3 Kg7 25. g4 Rh8 26. gxf5 Rxh3+ 27.
Qxh3 Rh8 28. f6+ Kg8 29. Bh4 Qc6 30. Re1 Bxf6 31. Qf3 Rxh4+ 32. Kg2 Kg7 33. c3
bxc3 34. bxc3 Be5 35. Kg1 Bh2+ 36. Kg2 Be5 37. Kg1 Qb7 38. c4 Qb2 39. Qe2 Qd4+
40. Nf2 Bg3 0-1

[Event "24. Acropolis 2009"]
[Site "Chalkida GRE"]
[Date "2009.08.13"]
[Round "4.10"]
[White "Dembo, Yelena"]
[Black "Koneru, Humpy"]
[Result "1/2-1/2"]
[WhiteElo "2466"]
[BlackElo "2623"]
[PlyCount "132"]
[EventDate "2009.08.10"]
[EventType "swiss"]
[EventRounds "9"]
[EventCountry "GRE"]
[Source "lmi"]
[SourceDate "2009.08.10"]

1. e4 c5 2. Nf3 e6 3. d4 cxd4 4. Nxd4 a6 5. Nc3 Qc7 6. Bd3 Nf6 7. O-O d6 8. a4
b6 9. Kh1 Nbd7 10. f4 Be7 11. Qe2 Bb7 12. Bd2 O-O 13. Rae1 Nc5 14. b4 Nxd3 15.
cxd3 Rfc8 16. Qf2 Qd8 17. Rc1 Nd7 18. Be3 Bh4 19. Qa2 Bf6 20. Nde2 Qe7 21. Qb1
g6 22. Rc2 Bg7 23. Rfc1 Qd8 24. Qa2 Rc7 25. Nd4 Rac8 26. Nce2 e5 27. Nf3 Rxc2
28. Rxc2 Rxc2 29. Qxc2 d5 30. f5 dxe4 31. dxe4 Qa8 32. fxg6 Bxe4 33. gxf7+ Kf8
34. Qc7 Bxf3 35. Qd6+ Kxf7 36. Qxd7+ Kg8 37. Qe6+ Kh8 38. Ng3 Bxg2+ 39. Kg1 Qc6
40. Qxc6 Bxc6 41. b5 axb5 42. axb5 Bxb5 43. Bxb6 Kg8 44. Nf5 Bf6 45. Nh6+ Kf8
46. Ng4 Bg7 47. Bc7 e4 48. Be5 h5 49. Bxg7+ Kxg7 50. Ne3 Kf6 51. Kf2 Kg5 52.
Kg3 h4+ 53. Kf2 Bd7 54. Nc4 Be6 55. Ne3 Bg4 56. Nc4 Kf4 57. Ne3 Bh3 58. Nd5+
Ke5 59. Ne3 Kd4 60. Nc2+ Kc3 61. Ne3 Kd3 62. Nd1 Kd2 63. Ne3 Be6 64. Nf1+ Kd3
65. Ne3 Kd2 66. Nf1+ Kd3 1/2-1/2

[Event "24. Acropolis 2009"]
[Site "Chalkida GRE"]
[Date "2009.08.13"]
[Round "4.12"]
[White "Mamedov, Nidjat"]
[Black "Yilmaz, Mustafa Enes"]
[Result "1-0"]
[WhiteElo "2614"]
[BlackElo "2432"]
[PlyCount "75"]
[EventDate "2009.08.10"]
[EventType "swiss"]
[EventRounds "9"]
[EventCountry "GRE"]
[Source "lmi"]
[SourceDate "2009.08.10"]

1. e4 c5 2. Nf3 d6 3. d4 cxd4 4. Nxd4 Nf6 5. Nc3 a6 6. Be3 e5 7. Nb3 Be7 8. f3
Be6 9. Qd2 h5 10. Be2 Nbd7 11. Nd5 Bxd5 12. exd5 a5 13. a4 h4 14. Bb5 O-O 15.
c4 Nh5 16. O-O-O b6 17. Kb1 Nc5 18. Nc1 f5 19. Ne2 Qc8 20. Nc3 Bf6 21. Bc6 Rb8
22. Nb5 Qd8 23. Qc2 Be7 24. Rhg1 Qc8 25. Rde1 Na6 26. Bd2 Nc5 27. g3 h3 28. Ka2
Nf6 29. Nd4 Ne8 30. g4 f4 31. Nf5 Qd8 32. g5 Bxg5 33. Bxe8 Rxe8 34. Nxg7 Kxg7
35. Qf5 Kh6 36. Bxf4 Ne6 37. dxe6 exf4 38. e7 1-0

[Event "24. Acropolis 2009"]
[Site "Chalkida GRE"]
[Date "2009.08.13"]
[Round "4.13"]
[White "Gelashvili, Tamaz"]
[Black "Danielian, Elina"]
[Result "1-0"]
[WhiteElo "2605"]
[BlackElo "2502"]
[PlyCount "139"]
[EventDate "2009.08.10"]
[EventType "swiss"]
[EventRounds "9"]
[EventCountry "GRE"]
[Source "lmi"]
[SourceDate "2009.08.10"]

1. c4 e5 2. Nc3 Nc6 3. e3 Nf6 4. Nf3 Bb4 5. Qc2 O-O 6. d3 d5 7. cxd5 Nxd5 8. a3
Be7 9. Be2 Be6 10. Na4 Nb6 11. Nc5 Bxc5 12. Qxc5 Qd6 13. Qc2 a5 14. b3 Nd7 15.
O-O Nc5 16. Nd2 Rfd8 17. Bb2 Bf5 18. Ne4 Nxe4 19. dxe4 Qd2 20. Qxd2 Rxd2 21.
Bc3 Rxe2 22. exf5 Rc2 23. Rfc1 Rxc1+ 24. Rxc1 a4 25. b4 f6 26. Be1 Rd8 27. Kf1
Rd7 28. Rc5 Ne7 29. g4 b6 30. Rc4 b5 31. Rc3 c6 32. e4 Kf7 33. Ke2 Rc7 34. Bd2
Nc8 35. f4 Nd6 36. fxe5 fxe5 37. Rc5 Nxe4 38. Rxe5 Nxd2 39. Kxd2 Kf6 40. Rc5
Kg5 41. h3 Rd7+ 42. Ke2 Rd6 43. Re5 Rd4 44. Re7 Kf6 45. Re6+ Kf7 46. Rxc6 Re4+
47. Kf3 Rd4 48. Rc3 h6 49. Ke3 Rd1 50. Ke4 Rd2 51. Ke5 Rd1 52. h4 Rg1 53. Kd5
Rxg4 54. Kc5 Rxh4 55. Kxb5 h5 56. Ka6 Rf4 57. b5 Rxf5 58. b6 Rf6 59. Ka5 Rxb6
60. Kxb6 Kf6 61. Kc5 Kf5 62. Kd4 Kf4 63. Kd3 Kf3 64. Kd2+ Kf2 65. Rc5 h4 66.
Rh5 g5 67. Rxg5 h3 68. Rh5 Kg2 69. Kc3 h2 70. Kb4 1-0

[Event "24. Acropolis 2009"]
[Site "Chalkida GRE"]
[Date "2009.08.13"]
[Round "4.14"]
[White "David, Alberto"]
[Black "Managadze, Nikoloz"]
[Result "1-0"]
[WhiteElo "2565"]
[BlackElo "2459"]
[PlyCount "85"]
[EventDate "2009.08.10"]
[EventType "swiss"]
[EventRounds "9"]
[EventCountry "GRE"]
[Source "lmi"]
[SourceDate "2009.08.10"]

1. d4 d6 2. c4 e5 3. Nc3 exd4 4. Qxd4 Nc6 5. Qd2 g6 6. b3 Bg7 7. Bb2 Nf6 8. g3
O-O 9. Nh3 Bf5 10. Bg2 Re8 11. Nf4 Ne4 12. Nxe4 Bxe4 13. O-O Bxg2 14. Kxg2 Bxb2
15. Qxb2 Ne5 16. Rad1 Nd7 17. Nd5 Re6 18. Rfe1 f5 19. b4 a5 20. a3 axb4 21.
axb4 Nf6 22. Nf4 Re4 23. c5 Qe7 24. cxd6 cxd6 25. Qb3+ Kg7 26. Rd2 b5 27. Red1
Ra6 28. Qb2 Qe5 29. e3 Rc4 30. Rd4 g5 31. Nd3 Qe7 32. Ne1 Kg6 33. Nf3 Rac6 34.
Qa1 Ne4 35. Qa8 Rc2 36. Qg8+ Qg7 37. Qe8+ Qf7 38. Rxe4 fxe4 39. Qxe4+ Kg7 40.
Rd5 h6 41. Rf5 Qd7 42. Nd4 d5 43. Rxd5 1-0

[Event "24. Acropolis 2009"]
[Site "Chalkida GRE"]
[Date "2009.08.13"]
[Round "4.15"]
[White "Aroshidze, Levan"]
[Black "Cherednichenko, Svetlana"]
[Result "1-0"]
[WhiteElo "2537"]
[BlackElo "2347"]
[PlyCount "55"]
[EventDate "2009.08.10"]
[EventType "swiss"]
[EventRounds "9"]
[EventCountry "GRE"]
[Source "lmi"]
[SourceDate "2009.08.10"]

1. e4 e5 2. Nf3 d6 3. d4 exd4 4. Nxd4 Nf6 5. Nc3 Be7 6. g3 d5 7. e5 Ng4 8. Bf4
Bb4 9. Be2 Nh6 10. Bxh6 gxh6 11. Qd3 c6 12. a3 Bc5 13. O-O-O Na6 14. f4 Qe7 15.
Qf3 Nc7 16. Qh5 Bd7 17. Qxh6 O-O-O 18. Kb1 Ne6 19. Nf5 Qf8 20. Qf6 Kb8 21. Na4
b5 22. Nxc5 Qxc5 23. Nd6 b4 24. axb4 Qxb4 25. Nxf7 Rhf8 26. f5 Rxf7 27. Qxf7
Nd4 28. c3 1-0

[Event "24. Acropolis 2009"]
[Site "Chalkida GRE"]
[Date "2009.08.13"]
[Round "4.16"]
[White "Maric, Alisa"]
[Black "Dzagnidze, Nana"]
[Result "1/2-1/2"]
[WhiteElo "2407"]
[BlackElo "2536"]
[PlyCount "131"]
[EventDate "2009.08.10"]
[EventType "swiss"]
[EventRounds "9"]
[EventCountry "GRE"]
[Source "lmi"]
[SourceDate "2009.08.10"]

1. d4 Nf6 2. c4 e6 3. Nf3 Bb4+ 4. Nbd2 d5 5. Qa4+ Nc6 6. a3 Be7 7. e3 O-O 8.
Bd3 a5 9. O-O Bd7 10. Qc2 a4 11. Ne5 Na5 12. Rd1 g6 13. Rb1 Be8 14. Ndf3 Nb3
15. Nd2 Na5 16. Ndf3 Nh5 17. Bd2 f6 18. Ng4 Nxc4 19. Bxc4 dxc4 20. Qxc4 Ng7 21.
e4 h5 22. Ne3 Bf7 23. Rbc1 c6 24. Bb4 Ra6 25. Bxe7 Qxe7 26. Qc5 Re8 27. Qxe7
Rxe7 28. e5 f5 29. g3 Ne8 30. h4 Rd7 31. Nc4 Nc7 32. Nd6 Nd5 33. Ng5 Rb6 34.
Rd2 Kf8 35. Ndxf7 Rxf7 36. Nxf7 Kxf7 37. Rc4 Ra6 38. Kf1 Ke7 39. Ke2 Kd7 40.
Kd3 Ra5 41. Kc2 Ra8 42. Rd1 Kc7 43. Kd2 Kd7 44. Rg1 Ra5 45. Kc1 Ra8 46. Rc2 Rf8
47. f3 Ke7 48. Rc4 Ra8 49. Kd2 Kf7 50. g4 hxg4 51. fxg4 Rh8 52. Rxa4 Rxh4 53.
Ra7 g5 54. gxf5 Rxd4+ 55. Kc1 exf5 56. Rxg5 Ke6 57. Rxb7 Kxe5 58. Rf7 Ne3 59.
b3 Rd1+ 60. Kb2 Rf1 61. a4 Rf2+ 62. Kc1 Kd4 63. Rg6 c5 64. Rc6 c4 65. Rxc4+
Nxc4 66. bxc4 1/2-1/2

[Event "24. Acropolis 2009"]
[Site "Chalkida GRE"]
[Date "2009.08.13"]
[Round "4.18"]
[White "Parginos, Vassilios"]
[Black "Mastrovasilis, Athanasios"]
[Result "0-1"]
[WhiteElo "2196"]
[BlackElo "2503"]
[PlyCount "68"]
[EventDate "2009.08.10"]
[EventType "swiss"]
[EventRounds "9"]
[EventCountry "GRE"]
[Source "lmi"]
[SourceDate "2009.08.10"]

1. d4 d5 2. c4 e6 3. Nc3 Bb4 4. Nf3 dxc4 5. e4 b5 6. a4 c6 7. Be2 Nf6 8. Qc2
Bb7 9. O-O a6 10. Bg5 h6 11. Bh4 Nbd7 12. Rfd1 Qb6 13. h3 O-O 14. Ne5 Rfe8 15.
Nxf7 Kxf7 16. e5 Bxc3 17. exf6 Nxf6 18. Bxf6 Kxf6 19. Bh5 Bb4 20. axb5 Qxb5 21.
Qg6+ Ke7 22. Qxg7+ Kd6 23. Bxe8 Rxe8 24. Qxh6 Kc7 25. Rac1 Bd6 26. Rc2 Qd5 27.
Qg6 Re7 28. Rdc1 Qxd4 29. Rxc4 Qe5 30. b4 Rg7 31. Qe4 Qh2+ 32. Kf1 c5 33. Rxc5+
Kb8 34. Rc6 Qh1+ 0-1

[Event "24. Acropolis 2009"]
[Site "Chalkida GRE"]
[Date "2009.08.13"]
[Round "4.19"]
[White "Romanishin, Oleg M"]
[Black "Mamedjarova, Zeinab"]
[Result "1-0"]
[WhiteElo "2503"]
[BlackElo "2325"]
[PlyCount "51"]
[EventDate "2009.08.10"]
[EventType "swiss"]
[EventRounds "9"]
[EventCountry "GRE"]
[Source "lmi"]
[SourceDate "2009.08.10"]

1. Nf3 g6 2. d4 f5 3. g3 Nf6 4. Bg2 Bg7 5. O-O O-O 6. b3 d6 7. Bb2 Qe8 8. c4
Nbd7 9. Nc3 a6 10. Ng5 e5 11. Nd5 Rb8 12. Nxc7 Qe7 13. Nd5 Nxd5 14. Bxd5+ Kh8
15. Ne6 Re8 16. Nxg7 Kxg7 17. dxe5 dxe5 18. f4 b5 19. Rc1 Bb7 20. e4 bxc4 21.
Bxb7 Rxb7 22. exf5 gxf5 23. Rxc4 Qe6 24. Qf3 Rb5 25. fxe5 Nxe5 26. Qxf5 1-0

[Event "24. Acropolis 2009"]
[Site "Chalkida GRE"]
[Date "2009.08.13"]
[Round "4.20"]
[White "Kotrotsos, Vasilios"]
[Black "Svetushkin, Dmitry"]
[Result "0-1"]
[WhiteElo "2359"]
[BlackElo "2607"]
[PlyCount "92"]
[EventDate "2009.08.10"]
[EventType "swiss"]
[EventRounds "9"]
[EventCountry "GRE"]
[Source "lmi"]
[SourceDate "2009.08.10"]

1. e4 c6 2. d4 d5 3. Nc3 dxe4 4. Nxe4 Bf5 5. Ng3 Bg6 6. Bc4 e6 7. N1e2 Bd6 8.
h4 h6 9. Nf4 Bxf4 10. Bxf4 Nf6 11. h5 Bh7 12. Qe2 O-O 13. O-O-O b5 14. Bd3 Bxd3
15. Rxd3 Qd5 16. Be5 Nbd7 17. Rh4 Qxa2 18. Ra3 Qd5 19. Rf3 Rfd8 20. Ne4 Nxe4
21. Rxe4 b4 22. Rg4 Nxe5 23. Qxe5 Qxe5 24. dxe5 Rd5 25. Rfg3 Kf8 26. Rxg7 Ke7
27. Rf3 Rf8 28. Rg4 a5 29. Re4 Rfd8 30. b3 Rd1+ 31. Kb2 R8d7 32. Ref4 Ke8 33.
Rf6 Rg1 34. Rd3 Rxd3 35. cxd3 Rxg2 36. d4 Kf8 37. Kc2 Rh2 38. Kd3 Rh3+ 39. f3
Rxh5 40. Kc4 Rh1 41. Kc5 Rc1+ 42. Kd6 a4 43. Rxh6 a3 44. Rh8+ Kg7 45. Rh2 Rc3
46. Rg2+ Kf8 0-1

[Event "24. Acropolis 2009"]
[Site "Chalkida GRE"]
[Date "2009.08.13"]
[Round "4.21"]
[White "Georgiev, Vladimir"]
[Black "Charkhalashvili, Inga"]
[Result "1/2-1/2"]
[WhiteElo "2530"]
[BlackElo "2357"]
[PlyCount "135"]
[EventDate "2009.08.10"]
[EventType "swiss"]
[EventRounds "9"]
[EventCountry "GRE"]
[Source "lmi"]
[SourceDate "2009.08.10"]

1. d4 d5 2. c4 e6 3. Nc3 Nf6 4. cxd5 exd5 5. Bg5 c6 6. e3 Be7 7. Bd3 Nbd7 8.
Nf3 Ne4 9. Bf4 f5 10. Qb3 Qb6 11. Qc2 O-O 12. Ne5 Nxe5 13. Bxe5 Bf6 14. Bxf6
Rxf6 15. O-O Bd7 16. Na4 Qc7 17. Nc5 Re8 18. Rae1 Nxc5 19. dxc5 Qe5 20. f4 Qe7
21. Qc3 Rff8 22. Re2 Qf7 23. Qa3 a6 24. Qb4 Bc8 25. Qd4 Re7 26. Qc3 Rfe8 27.
Rfe1 Bd7 28. a3 Bc8 29. Qd4 Bd7 30. Rf1 Kf8 31. Rf3 Bc8 32. Rh3 Kg8 33. Rf2 Bd7
34. Rff3 Re6 35. Rfg3 Rg6 36. Rxg6 Qxg6 37. Kf2 Qf7 38. Rg3 h6 39. Qc3 Bc8 40.
Be2 Re7 41. h4 Kf8 42. h5 Re6 43. Bd3 Re8 44. Rg6 Qe7 45. Kf1 Qf7 46. Qd4 Re7
47. Ke1 Re8 48. Kd2 Re7 49. Bc2 Kg8 50. Bb1 Kf8 51. Bd3 Kg8 52. Qc3 Kf8 53. a4
Kg8 54. b3 Kf8 55. Be2 Re6 56. Rxe6 Qxe6 57. Bf3 Qf6 58. Kd3 Qxc3+ 59. Kxc3 Ke7
60. Kd4 Kf6 61. b4 Bd7 62. Be2 Bc8 63. b5 a5 64. b6 Bd7 65. Bf1 Bc8 66. g3 Bd7
67. Bh3 Bc8 68. Bg2 1/2-1/2

[Event "24. Acropolis 2009"]
[Site "Chalkida GRE"]
[Date "2009.08.13"]
[Round "4.22"]
[White "Asik, Josip"]
[Black "Nikolaidis, Ioannis"]
[Result "1/2-1/2"]
[WhiteElo "2356"]
[BlackElo "2529"]
[PlyCount "28"]
[EventDate "2009.08.10"]
[EventType "swiss"]
[EventRounds "9"]
[EventCountry "GRE"]
[Source "lmi"]
[SourceDate "2009.08.10"]

1. e4 e5 2. Nf3 d6 3. d4 Nf6 4. Nc3 Nbd7 5. Bc4 Be7 6. O-O O-O 7. h3 c6 8. a4
b6 9. Re1 a6 10. Ba2 Bb7 11. Nh4 b5 12. dxe5 Nxe5 13. Nf5 b4 14. Nb1 Bc8
1/2-1/2

[Event "24. Acropolis 2009"]
[Site "Chalkida GRE"]
[Date "2009.08.13"]
[Round "4.23"]
[White "Can, Emre"]
[Black "Firat, Burak"]
[Result "1/2-1/2"]
[WhiteElo "2455"]
[BlackElo "2310"]
[PlyCount "57"]
[EventDate "2009.08.10"]
[EventType "swiss"]
[EventRounds "9"]
[EventCountry "GRE"]
[Source "lmi"]
[SourceDate "2009.08.10"]

1. e4 c5 2. Nf3 e6 3. d4 cxd4 4. Nxd4 Nf6 5. Nc3 Nc6 6. Ndb5 d6 7. Bf4 e5 8.
Bg5 a6 9. Na3 b5 10. Nd5 Be7 11. Bxf6 Bxf6 12. c4 b4 13. Nc2 O-O 14. Be2 Bg5
15. O-O Qa5 16. Qd3 Rb8 17. b3 Qc5 18. a3 a5 19. axb4 axb4 20. Qg3 Bd8 21. Rfd1
Be6 22. Ra4 Kh8 23. Bg4 g6 24. Qh3 Kg7 25. Ne1 Nd4 26. Bxe6 fxe6 27. Nd3 Qc8
28. Ra7+ Rb7 29. Ra6 1/2-1/2